000 00819nam a2200241Ii 4500
003 JO-AjNU
008 230605s9999||||xx |||||||||||||| ||und||
017 _a2010/2436
020 _a978-977-389-082-7
040 _aJO-AjNU
_bara
_erda
_cJO-AjNU
041 _aara
050 1 4 _aQA76.76.O63.A28 2010
100 3 _aابو العطا، مجدي محمد,
_eauthor
_944623
245 0 0 _aتيسرMICROSOFT WINDOWS7
250 _aط1
264 3 1 _aعمان:دار الفكر ، 2010
300 _a422ص
336 _atext
_btxt
_2rdacontent
337 _aunmediated
_bn
_2rdamedia
338 _avolume
_bnc
_2rdacarrier
490 0 _a147سلسلة تيسير علوم الحاسب مجموعة كتب الحاسب الشخصي
650 4 _aالحاسبات الالكترونية- برامج الحاسوب
_944624
999 _aA19281
_c22849
_d22849